Xác định hiệu suất xử lý nước thải xí nghiệp hải sản 404 bằng công nghệ lên men yếm khí kết hợp hiếu khí : Luận văn tốt nghiệp Đại học
Đề tài xác định khả năng loại bỏ chất hữu cơ trong nước thải và thu lượng khí Metan trong quá trình ủ yếm khí, để từ đó đưa ra các thông số cần thiết cho quá trình thiết kế các hệ thống xử lý nước thải...
Na minha lista:
| Autor principal: | |
|---|---|
| Formato: | Livro |
| Idioma: | Undetermined |
| Publicado em: |
Cần Thơ
Trường Đại học Cần Thơ
2004
|
| Assuntos: | |
| Tags: |
Adicionar Tag
Sem tags, seja o primeiro a adicionar uma tag!
|
| Thư viện lưu trữ: | Trung tâm Học liệu Trường Đại học Cần Thơ |
|---|
| LEADER | 01278nam a2200217Ia 4500 | ||
|---|---|---|---|
| 001 | CTU_143294 | ||
| 008 | 210402s9999 xx 000 0 und d | ||
| 082 | |a 628.4 | ||
| 082 | |b H556 | ||
| 088 | |a 1000739 | ||
| 100 | |a Nguyễn, Quốc Hưng | ||
| 245 | 0 | |a Xác định hiệu suất xử lý nước thải xí nghiệp hải sản 404 bằng công nghệ lên men yếm khí kết hợp hiếu khí : | |
| 245 | 0 | |b Luận văn tốt nghiệp Đại học | |
| 245 | 0 | |c Nguyễn Quốc Hưng; Nguyễn Võ Châu Ngân, Nguyễn Phúc Thanh (Giáo viên hướng dẫn) | |
| 260 | |a Cần Thơ | ||
| 260 | |b Trường Đại học Cần Thơ | ||
| 260 | |c 2004 | ||
| 520 | |a Đề tài xác định khả năng loại bỏ chất hữu cơ trong nước thải và thu lượng khí Metan trong quá trình ủ yếm khí, để từ đó đưa ra các thông số cần thiết cho quá trình thiết kế các hệ thống xử lý nước thải | ||
| 650 | |a Chất thải nước,Environmental sciences,Liquid wastes,Khoa học môi trường | ||
| 904 | |i Trọng Hải | ||
| 980 | |a Trung tâm Học liệu Trường Đại học Cần Thơ | ||